[Event "Lille Luce op 6th"]
[Site "Lille"]
[Date "2015.05.08"]
[Round "6"]
[White "Dhuyvetter, Frederik"]
[Black "Desbois, Jean Marie"]
[Result "1-0"]
[WhiteElo "1809"]
[BlackElo "1609"]
[PlyCount "83"]
[EventDate "2015.05.04"]
[EventType "swiss"]
[EventRounds "9"]
[EventCountry "FRA"]
[SourceTitle "EXT 2017"]
[Source "ChessBase"]
[SourceDate "2016.10.25"]
[SourceVersion "1"]
[SourceVersionDate "2016.10.25"]
[SourceQuality "1"]

1. d4 d6 2. c4 Nf6 3. Nc3 Nbd7 4. Nf3 e5 5. e4 c6 6. Bg5 Be7 7. d5 0-0 8. Bd3 Qc7 9. 0-0 Re8 10. Rc1 Bf8 11. b4 a5 12. a3 g6 13. Qc2 Bg7 14. Nd2 h6 15. Bh4 g5 16. Bg3 Nh5 17. Ne2 axb4 18. axb4 Nf8 19. Nb3 Nf4 20. dxc6 bxc6 21. b5 N8e6 22. Rfd1 Nxd3 23. Qxd3 Ra3 24. Qb1 Nf4 25. Bxf4 exf4 26. Ned4 c5 27. Nc2 Ra4 28. Ne1 Bb7 29. Nd2 Rea8 30. Qd3 Ra3 31. Qe2 Ra2 32. Qf1 Qd7 33. Rc2 Rxc2 34. Nxc2 f5 35. f3 Ra2 36. Qd3 fxe4 37. Nxe4 Bxe4 38. Qxe4 Qc7 39. Re1 Qa7 40. Qd5+ Kf8 41. Qxd6+ Kg8 42. Re8+ 1-0

[Event "Lille Luce op 6th"]
[Site "Lille"]
[Date "2015.05.06"]
[Round "3"]
[White "Desbois, Jean Marie"]
[Black "Karpatchev, Aleksandr"]
[Result "0-1"]
[WhiteElo "1609"]
[BlackElo "2466"]
[PlyCount "46"]
[EventDate "2015.05.04"]
[EventType "swiss"]
[EventRounds "9"]
[EventCountry "FRA"]
[SourceTitle "EXT 2017"]
[Source "ChessBase"]
[SourceDate "2016.10.25"]
[SourceVersion "1"]
[SourceVersionDate "2016.10.25"]
[SourceQuality "1"]

1. e4 e5 2. f4 Bc5 3. Nf3 d6 4. c3 Nc6 5. b4 Bb6 6. b5 Na5 7. fxe5 dxe5 8. d4 Bg4 9. Bb2 Nf6 10. Qd3 exd4 11. cxd4 0-0 12. Nfd2 Re8 13. Kf2 Bh5 14. g3 Ng4+ 15. Kg2 Qf6 16. Nf3 Nc4 17. Bc1 Nce5 18. Bg5 Qg6 19. Nxe5 Nxe5 20. Qd2 Nf3 21. Qc2 Nxg5 22. h4 Nxe4 23. Bd3 Qxg3+ 0-1